| 000 | 00765nam a2200265Ia 4500 | ||
|---|---|---|---|
| 003 | OSt | ||
| 005 | 20220925221416.0 | ||
| 006 | a|||||r|||| 00| 0 | ||
| 007 | ta | ||
| 008 | 220923b |||||||| |||| 00| 0 eng d | ||
| 037 | _cGeneral Book | ||
| 040 |
_aRTL _cRTL _beng |
||
| 041 |
_2eng _aeng |
||
| 082 | _aY9(X:8), L4 | ||
| 100 |
_aBasil Douglas C _9286463 |
||
| 245 | 0 | _aManagement of change | |
| 260 |
_aLondon _bMcGraw-Hill _c1974 |
||
| 300 |
_ax, 243p _ccm. |
||
| 490 | _aMcGraw-Hill European Series in Management | ||
| 500 | _aBibliography: P 221-33 | ||
| 650 | _aSociology of Organisation | ||
| 700 |
_a Cook Curtis W _9286464 |
||
| 942 |
_hY9(X:8), L4 _cGB _2CC |
||
| 999 |
_c574250 _d574250 |
||